Companhias de colonizac~ao.

שמור ב:
מידע ביבליוגרפי
מחבר ראשי: Moraes Carvalho, Arthur de
פורמט: ספר
שפה:Portuguese
יצא לאור: Coimbra : Imprensa da Universidade, 1903.
נושאים:
LEADER 00761nam a22002171i 4500
001 c000145354
003 CARM
005 00000000000000.0
008 761013s1903 po 00000 por
019 1 |a 1093191  |5 LACONCORD2021 
035 |a (OCoLC)2917958  |5 LACONCORD2021 
050 0 0 |a JV365.  |b M6 1903 
082 0 0 |a 325.3 
100 2 |a Moraes Carvalho, Arthur de. 
245 1 0 |a Companhias de colonizac~ao. 
260 |a Coimbra :  |b Imprensa da Universidade,  |c 1903. 
300 |a 207 p. ;  |c 24 cm. 
650 0 |a Colonial companies. 
852 8 |b CARM  |h A2:AF31D0  |i C01162  |p 0066008  |f BK 
999 f f |i 2e49cccd-7dd1-5bef-9058-8edbceefb3c3  |s b6b7756e-8d2b-5759-abbf-1162609de381 
952 f f |p Can circulate  |a CAVAL  |b CAVAL  |c CAVAL  |d CARM 1 Store  |e C01162  |f A2:AF31D0  |h Other scheme  |i book  |m 0066008